000 00767nam a2200289Ia 4500
005 20260324134743.0
008 008 260324s9999 xx 000 0 eng d
020 _a9781315023243
037 _aEBOOK
040 _aCRL
040 _beng
040 _cCRL
041 _2eng
041 _aeng
084 _qCRL
100 _aRobert V. Bullough; Andrew Gitlin; Colleen Ballerion Cohen; Richard Wilk; Beverly Stoeltje
_91198021
245 0 _aBecoming a Student of Teaching
245 0 _bLinking Knowledge Production and Practice
260 _bTaylor and Francis
260 _c2001
365 _a
365 _b245
856 _uhttp://www.taylorfrancis.com/books/9781315023243
942 _cEBOOK
999 _c1798418
_d1798418